000 00202nam a2200109Ia 4500
100 _aSWAIN/JOSEPH.
942 _cBK
245 _aMUSICAL LANGUAGE.
260 _b#N/A
546 _aENGLISH
999 _c30218
_d30218